Every Map in Murder Mystery 2 (MM2) - Statistics

General Stats
  • This quiz has been taken 314 times
    209 since last reset
  • The average score is 8 of 12
Answer Stats
Map % Correct
House 2
83%
Mil Base
81%
Mansion 2
77%
Factory
76%
Office 3
69%
Hotel 2
62%
Hospital 3
60%
Bio Lab
59%
Bank 2
51%
Police Station
48%
Workplace
48%
Research Facility
45%
No matching quizzes found
Score Distribution
Percent of People with Each Score
Percentile by Number Answered
Your Score History
You have not taken this quiz since the last reset